000 00351 a2200109 4500
001 ART_10697
005 20260410161831.0
008 260409a
245 1 0 _aIncrementando la presencia comercial de América Latina
100 1 _aJacobo, Alejandro D.
773 0 _tActualidad Económica
_g- Año XV, Nº 56 (ene./jul. 2005)
_wREV5083
999 _c23208
_d23208